Qu'est-ce qu'une discipline
Αποθηκεύτηκε σε:
| Άλλοι συγγραφείς: | , , |
|---|---|
| Μορφή: | Βιβλίο |
| Γλώσσα: | French |
| Δημοσίευση: |
Paris :
Ecole des hautes etudes en sciences sociales,
c2006
|
| Σειρά: | Enquete ;
; 5 |
| Θέματα: | |
| Ετικέτες: |
Προσθήκη ετικέτας
Δεν υπάρχουν, Καταχωρήστε ετικέτα πρώτοι!
|
MARC
| LEADER | 00000cam a2200000 i 4500 | ||
|---|---|---|---|
| 001 | 1/2769 | ||
| 008 | 100107s2006 fre d | ||
| 020 | |a 978-2-7132-2103-3 | ||
| 020 | |a 2-7132-2103-X | ||
| 035 | |l 10106138 | ||
| 040 | |a GR-MY-UA |b gre |e aacr | ||
| 041 | 0 | |a fre |b eng | |
| 082 | 0 | |a 306.42 |2 (22) | |
| 245 | 1 | 0 | |a Qu'est-ce qu'une discipline / |c sous la direction de Jean Boutier, Jean-Claude Passeron, Jacques Revel |
| 260 | |a Paris : |b Ecole des hautes etudes en sciences sociales, |c c2006 | ||
| 300 | |a 260 σ.; |b εικ.; |c 24 εκ. | ||
| 490 | 1 | |a Enquete |v ; 5 |x 1629-7121 | |
| 500 | |a Περιέχει περιλήψεις στα αγγλικά και γαλλικά | ||
| 504 | |a Περιέχει βιβλιογραφικές παραπομπές και ευρετήριο | ||
| 650 | 0 | 0 | |a Knowledge, Sociology of |x History. |
| 650 | 0 | 0 | |a Knowledge, Theory of |x Methodology. |
| 650 | 0 | 0 | |a Interdisciplinary approach to knowledge. |
| 700 | 1 | |a Boutier, Jean. |4 edt | |
| 700 | 1 | |a Passeron, Jean Claude. |4 edt | |
| 700 | 1 | |a Revel, Jacques, |d 1942- |4 edt | |
| 830 | 0 | |a Enquete ; |v ; 5 | |
| 852 | |a INST |b LESVOS |e 20100107 |h 306.42 QUE |p 005100045876 |q 005100045876 |t BK |y 0 | ||
| 901 | |a BIBL1-2010-1 | ||
| 909 | |a Λ |b 160061 | ||
| 970 | |a ΓΙΑΛΑΜΑ |b ΜΑΡΙΑ |z 2010/01/07 | ||